تحميل...
Data Mining: Theories, Algorithms, and Examples
| المؤلف الرئيسي: | |
|---|---|
| التنسيق: | Printed Book |
| منشور في: |
Boca Raton
CRC
2014
|
| LEADER | 00459nam a22001337a 4500 | ||
|---|---|---|---|
| 020 | |a 9781439808382 | ||
| 082 | |a 525 NON/D | ||
| 100 | |a Nong Ye | ||
| 245 | |a Data Mining: Theories, Algorithms, and Examples |c Nong Ye | ||
| 260 | |a Boca Raton |b CRC |c 2014 | ||
| 300 | |a 329 | ||
| 942 | |2 ddc |c REF | ||
| 999 | |c 189678 |d 189678 | ||
| 952 | |0 0 |1 0 |4 0 |6 525_000000000000000_NON_D |7 0 |9 209129 |a STA |b STA |c REF |d 2016-01-27 |g 0.00 |i 2195 |l 1 |o 525 NON/D |p STA2195 |r 2017-03-30 |s 2017-03-29 |w 2018-08-21 |y REF | ||